LEADER 01110nam 2200349Ia 450 001 996390078303316 005 20221103135752.0 035 $a(CKB)1000000000652702 035 $a(EEBO)2248511474 035 $a(OCoLC)09452290 035 $a(EXLCZ)991000000000652702 100 $a19830426d1686 uy | 101 0 $aeng 135 $aurbn||||a|bb| 200 14$aThe Greeks opinion touching the Eucharist misrepresented by Monsieur Claude in his answer to Mr. Arnold$b[electronic resource] 210 $a[Oxford? $cs.n.]$d1686 215 $a34 p 300 $aAttributed by Wing to Abraham Woodhead. 300 $aReproduction of original in the Harvard University Library. 330 $aeebo-0062 606 $aTransubstantiation 615 0$aTransubstantiation. 700 $aR. H$f1609-1678.$01001862 801 0$bUMI 801 1$bUMI 801 2$bm/c 801 2$bUMI 801 2$bWaOLN 906 $aBOOK 912 $a996390078303316 996 $aThe Greeks opinion touching the Eucharist misrepresented by Monsieur Claude in his answer to Mr. Arnold$92424849 997 $aUNISA LEADER 01055nam a2200265 i 4500 001 991001622019707536 005 20020502202958.0 008 930525s1993 it ||| | ita 020 $a8820478285 035 $ab11539896-39ule_inst 035 $aPRUMB64652$9ExL 040 $aScuola per assistenti sociali$bita 100 1 $aClerici, Massimo$0176654 245 10$aTossicodipendenza e psicopatologia :$bimplicazioni diagnostiche e valutazione degli interventi terapeutici /$cMassimo Clerici 260 $aMilano :$bF. Angeli,$cc1993 300 $a270 p. ;$c22 cm. 490 0 $aPsicologia. Sez. 5., Testi di ricerca ;$v24 500 $aContiene Appendice e bibl. 650 4$aTossicomania$xAspetti psicoterapeutici 907 $a.b11539896$b01-03-17$c01-07-02 912 $a991001622019707536 945 $aLE024 PSC IV 46$g1$i2024000008789$lle021$nex DUSS$o-$pE0.00$q-$rl$s- $t0$u6$v2$w6$x0$y.i11738765$z01-07-02 996 $aTossicodipendenza e psicopatologia$9815537 997 $aUNISALENTO 998 $ale021$b01-01-93$cm$da $e-$fita$git $h0$i1